| 000 | 00651nam a2200217 i 4500 | ||
|---|---|---|---|
| 001 | 23522 | ||
| 003 | ES-MaACL | ||
| 005 | 20250722131821.0 | ||
| 007 | t| | ||
| 008 | 021211s1980 sp ||||1| spa d | ||
| 100 | 1 |
_aAmado, Jorge. _921079 |
|
| 245 | 1 | 4 |
_aLos subterráneos de la libertad / _cJorge Amado ; traducción de Basilio Losada. |
| 250 | _a[1ª ed]. | ||
| 260 |
_a[Barcelona] : _bBruguera, _c[1980] |
||
| 300 |
_a349 p. ; _c19 cm. |
||
| 505 | 8 | _aContiene: [T].1: Los ásperos tiempos | |
| 700 | 1 |
_aLosada, Basilio, _d1930- _974251 |
|
| 740 | 4 | _aLos ásperos tiempos. | |
| 852 |
_aES-MaACL _jA-947 _bR.100415 |
||
| 999 |
_c23522 _d23522 |
||